Autostrade e città attraversate - Quiz n°2 - Statistics

Statistiche generali
  • Questo quiz è stato fatto 17 volte
  • Il punteggio medio è 39 su 45
Statistiche sulle risposte
Domanda Casella Select % Corretto
A 29 Palermo - Mazara del Vallo Agrigento No
100%
A33 Asti - Cuneo Asti
100%
A3 Napoli - Salerno Avellino No
100%
A3 Napoli - Salerno Benevento No
100%
A3 Napoli - Salerno Caserta No
100%
A33 Asti - Cuneo Cuneo
100%
A33 Asti - Cuneo Genova No
100%
A 29 Palermo - Mazara del Vallo Messina No
100%
A33 Asti - Cuneo Milano No
100%
A3 Napoli - Salerno Napoli
100%
A 29 Palermo - Mazara del Vallo Palermo
100%
A 29 Palermo - Mazara del Vallo Ragusa No
100%
A3 Napoli - Salerno Salerno
100%
A33 Asti - Cuneo Torino No
100%
A33 Asti - Cuneo Alessandria No
93%
A7 Autostrada dei Giovi Como No
93%
A3 Napoli - Salerno Gaeta No
93%
A25 Autostrada dei Parchi Isernia No
93%
A7 Autostrada dei Giovi Livorno No
93%
A 29 Palermo - Mazara del Vallo Mazara del Vallo
93%
A33 Asti - Cuneo Savona No
93%
A25 Autostrada dei Parchi Termoli No
93%
A33 Asti - Cuneo Vimercate No
93%
A 29 Palermo - Mazara del Vallo Acireale No
87%
A25 Autostrada dei Parchi Ascoli Piceno No
87%
A25 Autostrada dei Parchi Avezzano
87%
A25 Autostrada dei Parchi Campobasso No
87%
A7 Autostrada dei Giovi Imperia No
87%
A7 Autostrada dei Giovi La Spezia No
87%
A7 Autostrada dei Giovi Tortona
87%
A 29 Palermo - Mazara del Vallo Canicattì No
80%
A7 Autostrada dei Giovi Genova
80%
A7 Autostrada dei Giovi Milano
80%
A7 Autostrada dei Giovi Savona No
80%
A3 Napoli - Salerno Torre Annunziata
80%
A33 Asti - Cuneo Alba
73%
A 29 Palermo - Mazara del Vallo Alcamo
73%
A 29 Palermo - Mazara del Vallo Caltagirone No
73%
A25 Autostrada dei Parchi Chieti
73%
A7 Autostrada dei Giovi Novara No
73%
A25 Autostrada dei Parchi Teramo No
73%
A3 Napoli - Salerno Angri
60%
A3 Napoli - Salerno Portici
60%
A25 Autostrada dei Parchi L'Aquila No
53%
A25 Autostrada dei Parchi Pescina
40%
Nessun quiz corrispondente trovato
Distribuzione punteggi
Percentuale di utenti per punteggio
Percentile per numero di risposta
I tuoi punteggi nel tempo
Non hai fatto questo quiz